UBT Library

FOOD AND BEHAVIOR COST CONTROL (Record no. 38477)

000 -LEADER
fixed length control field 00309nam a22001337a 4500
008 - FIXED-LENGTH DATA ELEMENTS--GENERAL INFORMATION
fixed length control field 171124b xxu||||| |||| 00| 0 eng d
020 ## - INTERNATIONAL STANDARD BOOK NUMBER
International Standard Book Number 9780470251386
041 ## - LANGUAGE CODE
Language code of text/sound track or separate title eng
080 ## - UNIVERSAL DECIMAL CLASSIFICATION NUMBER
Edition identifier 5 ED
Universal Decimal Classification number 591
100 ## - Rafti
Rafti 10
101 ## - Shkurtesa
Shkurtesa NUT
245 ## - TITLE STATEMENT
Title FOOD AND BEHAVIOR COST CONTROL
Statement of responsibility, etc DAVID.K.H
942 ## - ADDED ENTRY ELEMENTS (KOHA)
Source of classification or shelving scheme
Item type Books
Holdings
Withdrawn status Lost status Damaged status Not for loan Date acquired Total Checkouts Date last seen Price effective from Koha item type
        11/24/2017   11/24/2017 11/24/2017 Books
UBT Library © 2015-2024. All rights reserved University Education for Business and Technology